000 00579cam a22002051 4500
001 ne 63001214
003 DLC
005 20260227111746.0
008 840116s1960 ua 000 0 arar
010 _ane 63001214
035 _a(OCoLC)10304459
040 _aDLC
_cTxU
_dTxU
_dDLC
042 _apremarc
050 0 0 _aHQ1123
_b.M5
100 1 _aMiṣrī, Ibrāhīm.
245 1 3 _aal-Ḥubb ʼinda shahīrāt al-nisāʼ,
_cbi-qalam Ibrāhīm al-Miṣrī.
260 _a[al-Qāhirah,
_bDār al-Hilāl,
_c196-]
300 _a218 p.
_billus.
_c16 cm.
650 0 _aWomen
_vBiography.
999 _c45987
_d45987